| 000 | 01081cab a22002175a 4500 | ||
|---|---|---|---|
| 001 | L154827 | ||
| 008 | 120123e2012 xxk 000 0 eng d | ||
| 035 | _a(Sirsi) u154827 | ||
| 041 | 0 | _aeng | |
| 100 | 1 | _aWebber, Richard | |
| 245 | 0 | 4 | _aThe correct protocol |
| 260 | _c2012 | ||
| 490 | 0 |
_aHogan Lovells Real Estate Quarterly _vWinter 2011, 3-4(2) |
|
| 520 | _aThe"Pre-Action Protocol for Claims for Damages in relation to the Physical State of Commercial of Commercial Property at the Termination of a Tenancy" - aka the Dilapidations Protocol - came into force as part of the Civil Procedure Rules on 1 January 2012. Discusses the importance of this and outlines the procedure and timetable involved, endorsement and compliance matters. | ||
| 590 | _aKA | ||
| 651 | 4 |
_aEngland and Wales _y1543- |
|
| 690 |
_aCommercial property _96227 |
||
| 690 |
_aLandlord and tenant _96252 |
||
| 856 | 4 | 0 |
_uhttps://www.pla.org.uk/__data/assets/pdf_file/0017/100934/Dilapidations_Protocol_-_Jan_2012.pdf _zView the Dilapidations Protocol free of charge at www.pla.org.uk |
| 942 | _n0 | ||
| 999 |
_c83721 _d83721 |
||